Mining, society, and a sustainlable world
Guardat en:
| Autor principal: | |
|---|---|
| Format: | Llibre |
| Idioma: | anglès |
| Publicat: |
Heidelberg
Springer
2009
|
| Edició: | 1a. ed |
| Matèries: | |
| Etiquetes: |
Afegir etiqueta
Sense etiquetes, Sigues el primer a etiquetar aquest registre!
|
MARC
| LEADER | 00000cam a2200000 a 4500 | ||
|---|---|---|---|
| 001 | UCD2573 | ||
| 003 | CL-VaPUC | ||
| 008 | 160428e20090000gw |||||||||||||||||eng|d | ||
| 020 | |a 9783642011023 | ||
| 082 | 0 | 4 | |a 333.7 |b RIC |2 21 |
| 100 | 0 | |a Richards, Jeremy P |e author |9 585938 | |
| 245 | 1 | 0 | |a Mining, society, and a sustainlable world |
| 250 | |a 1a. ed | ||
| 300 | |a 506 p | ||
| 942 | |c BK | ||
| 945 | |d 20160428 21:50:00 |a arojas | ||
| 260 | |a Heidelberg |b Springer |c 2009 | ||
| 650 | 7 | |a INDUSTRIAS MINERAS |2 CL-VaPUC |9 585939 | |
| 650 | 0 | |a Desarrollo sustentable |9 333905 | |
| 650 | 0 | |a Economía ambiental |9 321367 | |
| 583 | |a last modification |c 20160428 21:50:00 |k Rodrigo Vera | ||
| 999 | |c 363727 |d 363725 | ||
| 952 | |0 0 |1 0 |3 erd |4 0 |6 333_700000000000000_RIC_2009 |7 0 |8 R |9 476392 |a BIBING |b BIBING |i 5284600 |o 333.7 RIC 2009 |p 5284600 |r 2025-01-20 |w 2019-11-24 |y BK_R |z Catalogado en:20160428 |k EIQ | ||